<?xml version="1.0" encoding="UTF-8"?>
<record
    xmlns:xsi="http://www.w3.org/2001/XMLSchema-instance"
    xsi:schemaLocation="http://www.loc.gov/MARC21/slim http://www.loc.gov/standards/marcxml/schema/MARC21slim.xsd"
    xmlns="http://www.loc.gov/MARC21/slim">

  <leader>01453nam a2200217   4500</leader>
  <controlfield tag="001"> 82283</controlfield>
  <controlfield tag="003">BD-RjUL</controlfield>
  <controlfield tag="005">20231114113417.0</controlfield>
  <controlfield tag="008">231114s1916    uk ||||| |||| 00| 0 per d</controlfield>
  <datafield tag="035" ind1=" " ind2=" ">
    <subfield code="a">(BD-RjUL) 82283</subfield>
  </datafield>
  <datafield tag="040" ind1=" " ind2=" ">
    <subfield code="a">BD-RjUL</subfield>
    <subfield code="b">eng</subfield>
    <subfield code="c">BD-RjUL</subfield>
  </datafield>
  <datafield tag="041" ind1=" " ind2=" ">
    <subfield code="a">per</subfield>
  </datafield>
  <datafield tag="082" ind1=" " ind2=" ">
    <subfield code="2">23</subfield>
    <subfield code="a">950.2</subfield>
    <subfield code="b">JUK 1916</subfield>
  </datafield>
  <datafield tag="100" ind1=" " ind2=" ">
    <subfield code="a">&#x627;&#x644;&#x62C;&#x648;&#x64A;&#x646;&#x64A;,  &#x639;&#x644;&#x627;&#x621; &#x627;&#x644;&#x62F;&#x64A;&#x646; &#x639;&#x637;&#x627; &#x645;&#x644;&#x643; &#x628;&#x646; &#x628;&#x647;&#x627;&#x621; &#x627;&#x644;&#x62F;&#x64A;&#x646; &#x645;&#x62D;&#x645;&#x62F; &#x628;&#x646; &#x645;&#x62D;&#x645;&#x62F; ;; Al-Juwayni, Alaa al-Din Ata Malik ibn Bahaa al-Din Muhammad ibn </subfield>
    <subfield code="9">10037</subfield>
  </datafield>
  <datafield tag="245" ind1="1" ind2="0">
    <subfield code="a">&#x643;&#x62A;&#x627;&#x628; &#x62A;&#x627;&#x631;&#x64A;&#x62E; &#x62C;&#x647;&#x627;&#x646;&#x643;&#x634;&#x627;&#x64A; / Kit&#x101;b-i t&#x101;r&#x12B;kh-i jah&#x101;ngush&#x101;&#x2B9; /</subfield>
    <subfield code="c">:s:&#x62A;&#x623;&#x644;&#x64A;&#x641; &#x639;&#x644;&#x627;&#x621; &#x627;&#x644;&#x62F;&#x64A;&#x646; &#x639;&#x637;&#x627; &#x645;&#x644;&#x643; &#x628;&#x646; &#x628;&#x647;&#x627;&#x621; &#x627;&#x644;&#x62F;&#x64A;&#x646; &#x645;&#x62D;&#x645;&#x62F; &#x628;&#x646; &#x645;&#x62D;&#x645;&#x62F; &#x627;&#x644;&#x62C;&#x648;&#x64A;&#x646;&#x64A; &#x633;&#x646;&#x629; 658&#x647;&#x640; &#x61B; &#x628;&#x633;&#x639;&#x649; &#x648;&#x627;&#x647;&#x62A;&#x645;&#x627;&#x645; &#x648;&#x62A;&#x635;&#x62D;&#x64A;&#x62D; &#x645;&#x62D;&#x645;&#x62F; &#x639;&#x628;&#x62F; &#x627;&#x644;&#x648;&#x647;&#x627;&#x628; &#x642;&#x632;&#x648;&#x646;&#x64A; &#x61B; &#x628;&#x627;&#x646;&#x636;&#x645;&#x627;&#x645; &#x62D;&#x648;&#x627;&#x634;&#x649; &#x648; &#x641;&#x647;&#x627;&#x631;&#x633;, &#x62C;&#x648;&#x64A;&#x646;&#x64A;&#x60C; &#x639;&#x644;&#x627;&#x621; &#x627;&#x644;&#x62F;&#x64A;&#x646; &#x639;&#x637;&#x627; &#x645;&#x644;&#x643;&#x60C; 1226-1283 (Creator), &#x642;&#x632;&#x648;&#x64A;&#x646;&#x64A;&#x60C; &#x645;&#x62D;&#x645;&#x62F;&#x60C; / ta&#x2BE;l&#x12B;f-i &#x2BF;Al&#x101; al-D&#x12B;n &#x2BF;A&#x1E6D;&#x101; Malik ibn Bah&#x101;&#x2BE; al-D&#x12B;n Mu&#x1E25;ammad ibn Mu&#x1E25;ammad al-Juvayn&#x12B; dar sanat-i 658 Hijr&#x12B; ; bi-sa&#x2BF;y va ihtim&#x101;m va ta&#x1E63;&#x1E25;&#x12B;&#x1E25;-i Mu&#x1E25;ammad Ibn &#x2BF;Abd al-Wahh&#x101;b Qazv&#x12B;n&#x12B;, bi-inz&#x324;im&#x101;m-i &#x1E25;av&#x101;sh&#x12B; va fih&#x101;ris, &#x2BF;Al&#x101;&#x2BE; al-D&#x12B;n &#x2BF;A&#x1E6D;&#x101; Malik Juwain&#x12B; (Creator), Mu&#x1E25;ammad Qazv&#x12B;n&#x12B;</subfield>
  </datafield>
  <datafield tag="300" ind1=" " ind2=" ">
    <subfield code="a">V. ;</subfield>
  </datafield>
  <datafield tag="490" ind1=" " ind2=" ">
    <subfield code="a">"E.J.W. Gibb memorial" series,</subfield>
    <subfield code="v"> vol. 16, 1-3</subfield>
  </datafield>
  <datafield tag="650" ind1=" " ind2=" ">
    <subfield code="a">Mongols History</subfield>
    <subfield code="9">10038</subfield>
  </datafield>
  <datafield tag="830" ind1=" " ind2=" ">
    <subfield code="a">"E.J.W. Gibb memorial" series,</subfield>
    <subfield code="9">1462</subfield>
  </datafield>
  <datafield tag="942" ind1=" " ind2=" ">
    <subfield code="2">ddc</subfield>
    <subfield code="c">BK</subfield>
  </datafield>
  <datafield tag="999" ind1=" " ind2=" ">
    <subfield code="c">82283</subfield>
    <subfield code="d">82283</subfield>
  </datafield>
  <datafield tag="952" ind1=" " ind2=" ">
    <subfield code="0">0</subfield>
    <subfield code="1">0</subfield>
    <subfield code="2">ddc</subfield>
    <subfield code="4">0</subfield>
    <subfield code="7">1</subfield>
    <subfield code="8">NFIC</subfield>
    <subfield code="a">RUCL</subfield>
    <subfield code="b">RUCL</subfield>
    <subfield code="c">Reading</subfield>
    <subfield code="d">1964-03-26</subfield>
    <subfield code="e">Zeitlinger</subfield>
    <subfield code="g">36.60</subfield>
    <subfield code="o">F 950.2 JUK V-2 1916</subfield>
    <subfield code="r">2023-11-14 00:00:00</subfield>
    <subfield code="t">C-1</subfield>
    <subfield code="y">BK</subfield>
  </datafield>
  <datafield tag="952" ind1=" " ind2=" ">
    <subfield code="0">0</subfield>
    <subfield code="1">0</subfield>
    <subfield code="2">ddc</subfield>
    <subfield code="4">0</subfield>
    <subfield code="7">1</subfield>
    <subfield code="8">NFIC</subfield>
    <subfield code="a">RUCL</subfield>
    <subfield code="b">RUCL</subfield>
    <subfield code="c">Reading</subfield>
    <subfield code="d">1964-03-26</subfield>
    <subfield code="e">Zeitlinger</subfield>
    <subfield code="g">36.60</subfield>
    <subfield code="o">F 950.2 JUK V-3 1916</subfield>
    <subfield code="r">2023-11-14 00:00:00</subfield>
    <subfield code="t">C-1</subfield>
    <subfield code="y">BK</subfield>
  </datafield>
</record>
